000 00423nam a2200157Ia 4500
005 20241223114758.0
008 231217s9999 xx 000 0 und d
020 _a9788131404614
082 _a333.79 ALA;1 R
100 _aAlagiri, Dhandapani ed.
245 0 _aEnergy security in India : current scenario
260 _c2006
_bIcfai
_aHyderabad
300 _axvi, 269
650 _aEnergy,India,scenario
942 _cAA
999 _c187763
_d187763